[Event "Muensterland Verbandsklasse 1314"]
[Site "Germany"]
[Date "2014.01.11"]
[Round "5.7"]
[White "Altgelt, Max"]
[Black "Duecker, Marcel"]
[Result "1-0"]
[WhiteElo "1592"]
[BlackElo "1407"]
[PlyCount "71"]
[EventDate "2013.09.21"]
[EventType "team-tourn"]
[EventRounds "9"]
[EventCountry "GER"]
[SourceTitle "EXT 2015"]
[Source "ChessBase"]
[SourceDate "2014.11.20"]
[SourceVersion "1"]
[SourceVersionDate "2014.11.20"]
[SourceQuality "1"]
[WhiteTeam "Muenster SK V"]
[BlackTeam "Stadtlohn"]
[WhiteTeamCountry "GER"]
[BlackTeamCountry "GER"]

1. e4 e5 2. Nf3 Nc6 3. d4 d6 4. dxe5 dxe5 5. Qxd8+ Kxd8 6. Nc3 Bb4 7. Bg5+ f6 8. 0-0-0+ Bd6 9. Be3 Be6 10. Bc5 Ke7 11. Bxd6+ cxd6 12. Bb5 a6 13. Ba4 Rb8 14. Rd2 Nh6 15. Rhd1 Rhd8 16. Bb3 Nf7 17. Nd5+ Kd7 18. Nh4 Nd4 19. Nb6+ Ke7 20. Bxe6 Kxe6 21. c3 Nb5 22. Nf5 g6 23. Ng7+ Ke7 24. Nd5+ Kd7 25. Nxf6+ Ke7 26. Nd5+ Kd7 27. h4 h5 28. f4 exf4 29. Nxf4 Nc7 30. e5 Nxe5 31. Rxd6+ Ke7 32. Nxg6+ Nxg6 33. Rxg6 Rxd1+ 34. Kxd1 Kf7 35. Rg3 Rg8 36. Nxh5 1-0